Cuatro años de cultura / por G. C.
Publicado:
San Jorge, núm. 101 - 102 (setembre 1977), pàg 77 - 80 :
MARC
| LEADER | 00000nam a2200000Ia 4500 | ||
|---|---|---|---|
| 001 | |||
| 008 | 160829s9999 xx 000 0 cat d | ||
| 100 | |a C., G. |9 41617 | ||
| 245 | |a Cuatro años de cultura / por G. C. | ||
| 260 | |a San Jorge, núm. 101 - 102 (setembre 1977), pàg 77 - 80 | ||
| 610 | 1 | 0 | |a Biblioteca de Catalunya |9 52741 |
| 650 | 0 | |a Biblioteques públiques |x Barcelona (Catalunya : Província) |9 49209 | |
| 650 | 0 | |a Museus |x Barcelona (Província) |9 33674 | |
| 650 | |a Ensenyament |x Barcelona (Província) |9 42968 | ||
| 650 | 0 | |a Patrimoni cultural |x Barcelona (Província) |9 41976 | |
| 901 | |a Arxiu | ||
| 942 | |n 1 | ||
| 952 | |0 0 |1 0 |4 0 |7 1 |9 51113 |a Arxiu |b Arxiu |d 2016-12-01 |l 0 |r 2016-12-01 00:00:00 |w 2016-12-01 |y ARXIU | ||
| 999 | |c 54956 |d 54956 | ||